000 01347nam0a22003011 4500
001 rc\3029251
005 20250806201611.0
035 _a(NLR Aleph) 007170276
090 _a44580
_c44580
100 _a20110930d1944 u y0rusy50 ca
101 0 _arus
102 _aRU
105 _ay z |||||
200 1 _aПрограмма военно-лыжной подготовки
_eДля лыжных команд и отрядов
_eУтв. Всесоюз. ком. по делам физкультуры и спорта
_fВсесоюз. ком. по делам физ. культуры и спорта при Совнаркоме СССР
205 _a2-е изд., испр.
210 _a[Москва]
_cФизкультура и спорт
_d[1944]
_gОбразцовая тип.
215 _a16 с.
_d17 см
300 _aНа 1-й с. текста указан составитель: С.Л. Аксельрод
300 _aБез обл. и тит. л.
702 1 _aАксельрод
_bС.Л.
_4220
712 0 1 _aСССР
_bКомитет по делам физической культуры и спорта
_4570
801 0 _aRU
_bNLR
_gpsbo
801 1 _aRU
_bELAR
_2rusmarc
852 _aNLR
_jВ40 Г-2/542
942 _cBOOK
945 _aРоссийская национальная библиотека
980 _aNB
980 _aBV